| 000 | 01899cam a22003255a 4500 | ||
|---|---|---|---|
| 001 | 18157115 | ||
| 005 | 20201128021231.0 | ||
| 008 | 140515t2015 moua frbd 001 0 eng d | ||
| 020 | _a9780323100021 | ||
| 040 |
_aDNLM/DLC _cDLC _dEG-ScBUE _beng |
||
| 082 | 0 | 4 |
_a610.730693 _222 _bCOO |
| 100 | 1 |
_937624 _aCooper, Kim _q(Kim D.) |
|
| 245 | 1 | 0 |
_aAdult health nursing / _cKim Cooper, Kelly Gosnell. |
| 250 | _a7th ed. | ||
| 260 |
_aMissouri : _bElsevier / Mosby, _cc.2015. |
||
| 300 |
_axviii, 876 p. ; _bill. (col.) : _c28 cm. |
||
| 500 | _aPreceeded by: Adult health nursing [edited by] Barbara Lauritsen Christensen, Elaine Oden Kockrow. 6th ed. 2011. | ||
| 500 | _aCompanion to : Foundations of nursing. 7th edition. 2015. | ||
| 500 | _aEvolve study resources free with new textbook purchase. | ||
| 500 | _aGlossary : p. 847-853. | ||
| 500 | _aIndex : p. 855-876. | ||
| 504 | _aBibliography : p. 833-846. | ||
| 505 | 0 | _aIntroduction to anatomy and physiology-Care of the surgical patient-Care of the patient with an integumentary disorder-Care of the patient with a musculoskeletal disorder-Care of the patient with a gastrointestinal disorder-Care of the patient with a gallbladder, liver, biliary tract, or exocrine pancreatic disorder-Care of the patient with a blood or lymphatic disorder-Care of the patient with a cardiovascular or a peripheral vascular disorder-Care of the patient with an endocrine disorder-Care of the patient with a reproductive disorder-Care of the patient with sensory disorders-Care of the patient with a neurologic disorder-Care of the patient with an immune disorder-Care of the patient with HIV/AIDS-Care of the patient with cancer. | |
| 650 | 7 |
_aIntensive care nursing. _92174 _2BUEsh |
|
| 650 | 7 |
_aPractical nursing _922970 _2BUEsh |
|
| 651 | _2BUEsh | ||
| 653 |
_bNNUR _cApril2015 _cFebruary2016 |
||
| 700 | 1 |
_aGosnell, Kelly. _937625 |
|
| 942 | _2ddc | ||
| 999 |
_c19184 _d19156 |
||